Central Library OPAC University of Rajshahi

پنجابى ادب ;; Panjābī adab./ (Record no. 83503)

MARC details
000 -LEADER
fixed length control field 00897cas a2200253 a 4500
001 - CONTROL NUMBER
control field 83503
003 - CONTROL NUMBER IDENTIFIER
rucl marc code BD-RjUL
005 - DATE AND TIME OF LATEST TRANSACTION
control field 20240327134859.0
008 - FIXED-LENGTH DATA ELEMENTS--GENERAL INFORMATION
fixed length control field 240327c1987 pk qr p 0 z0ur c
035 ## - SYSTEM CONTROL NUMBER
System control number (BD-RjUL) 83503
040 ## - CATALOGING SOURCE
Original cataloging agency GZM
Language of cataloging eng
Transcribing agency GZM
Modifying agency OCLCO
-- STF
041 ## - LANGUAGE CODE
Language code of text/sound track or separate title urd
082 ## - DEWEY DECIMAL CLASSIFICATION NUMBER
Edition number 23
Classification number 891.439
Author mark and year SAP 1987
130 0# - MAIN ENTRY--UNIFORM TITLE
Linkage 880-01
Uniform title Panjābī adab (Lahore, Pakistan)
9 (RLIN) 12583
245 10 - TITLE STATEMENT
Title پنجابى ادب ;; Panjābī adab./
Statement of responsibility, etc. محمد سرور ;; Mohammad Sarwar
260 ## - PUBLICATION, DISTRIBUTION, ETC. (IMPRINT)
Place of publication, distribution, etc. Karachi :
Name of publisher, distributor, etc. ادارہ مطبوعات پاکستان,
Date of publication, distribution, etc. [1987]-
300 ## - PHYSICAL DESCRIPTION
Pagination 131 p. ;
Size 18 cm.
588 ## - SOURCE OF DESCRIPTION NOTE
Source of description note Latest issue consulted: Jil. 35, shumārah 12 (Jūlāʼī/Disambar 2019).
650 #0 - SUBJECT ADDED ENTRY--TOPICAL TERM
Topical term or geographic name as entry element Panjabi literature
Form subdivision Periodicals.
9 (RLIN) 12584
Topical term or geographic name as entry element Panjabi literature.
9 (RLIN) 12585
710 2# - ADDED ENTRY--CORPORATE NAME
Corporate name or jurisdiction name as entry element Pākistān Panjābī Adabī Borḍ.
9 (RLIN) 12586
942 ## - ADDED ENTRY ELEMENTS (KOHA)
Source of classification or shelving scheme Dewey Decimal Classification
Koha item type Continuing Resources
Holdings
Lost status Source of classification or shelving scheme Damaged status Not for loan Collection code Permanent Location Current Location Shelving location Date acquired Source of acquisition Full call number Date last seen Copy number Koha item type
  Dewey Decimal Classification   Not For Loan Serials Central Library, University of Rajshahi Central Library, University of Rajshahi Reading Room 26/06/1973 Pakistan U 891.439 SAP 1987 27/03/2024 C-1 Continuing Resources